01867 a2200265 450000500170000000800410001704000680005804100080012604100080013424500490014226000560019130000460024750005710029350802960086451101490116054600880130965000250139765000230142265000410144570000330148671000240151971000240154371000210156776500130158820140904083930.0140328s2005 ag g 0 m mul d aCO-BoUCMbspacJose A. Gerena (modificó)dAldemar Mondragón aeng aspa00aCasanovacLasse Hallström, directorh[DVD] aBuenos Aires (Argentina)bTouchstone Picturesc2005 a1 DVD, 107 minutosbimagen, sonido, color aSINOPSIS: Por primera vez en su vida, el legendario casanova se encuentra con una rival digna, cuando la atractiva e hipnótica Francesca hace lo único que el famoso amante de las mujeres nunca creyó posible: rechazarlo. A través de disfraces, pretextos e ingenio, Casanova se las arregla para acercarse cada vez más a Francesca. Pero, al hacerlo, estará jugando el juego más peligroso que jamás haya encontrado; un juego en el que no sólo arriesgará su vida y su reputación, sino también su única oportunidad de conquistar el amor verdadero aCRÉDITOS: Dirigida por Lasse Hallström ; guion por Jeffrey Hatcher ; música por Alexandre Desplat ; fotografía por Oliver Stapleton ; diseño de producción por David Gropman ; dirección de arte por Susanna Codognato ; ambientación por Anna Pinnock ; vestuario por Jenny Beavan0 aREPARTO: Heath Ledger, Sienna Miller, Jeremy Irons, Oliver Platt, Lena Olin, Omid Djalili, Stephen Greif, Ken Stott, Helen McCrory, Leigh Lawson aAudio en inglés, español y portugués. Subtítulos en español y portugués 7aAmor en el cinevDVD 7aRomanticismo vDVD 7aPelículas cinematográficasvDVD 1 aHallström, Lasseedirector2 aTouchstone Pictures2 aMark Gordon Company2 aGondola Pictures0 tCasanova